000 00249nam a2200109Ia 4500
008 190919s9999||||xx |||||||||||||| ||und||
100 _aJoseph Conrad
245 0 _aLord Jim
260 _aNew Delhi
_bBantam Books
_c1913
300 _a554
942 _cBK
999 _c10858
_d10858